• 首页
  • 本馆介绍
  • 公告通知
  • 最新文献
  • 馆藏检索
  • 电子资源
  • 读者导购
  • 参考咨询
  • 我的图书馆
  • 登录
  • 详细信息显示
  • 放入我的书架
  • 预约/预借图书
  • 作者相关作品
  • 分类相关作品
  • 丛书相关作品
  • 出版社相关作品

书目信息

  • 表格格式
  • 工作单格式
  • 卡片格式
题名:
运河的指纹
    
 
作者: 任轩, 著
分册:  
出版信息: 杭州   杭州出版社  2022.01
页数: 224页
开本: 24cm
丛书名: 杭州优秀传统文化丛书
单 册:
中图分类: K928.42
科图分类:
主题词:
电子资源:
ISBN: 978-7-5565-1709-1
000 01514nam 2200277 450
001 CAL 0120227421775
005 20230217093113.0
010    @a978-7-5565-1709-1@dCNY58.00
100    @a20220711d2022 em y0chiy0120 ea
101 0  @achi
102    @aCN@b330000
105    @aa a 000yy
106    @ar
200 1  @a运河的指纹@Ayun he de zhi wen@f任轩著
210    @a杭州@c杭州出版社@d2022.01
215    @a224页@c彩图@d24cm
225 2  @a杭州优秀传统文化丛书@Ahang zhou you xiu chuan tong wen hua cong shu
314    @a任轩, 本名陈向文, 1979年生于福建惠安, 现居浙江杭州。中国作家协会会员, 拱墅区作家协会副主席, 杭州拱宸书院负责人。致力于诗歌创作和运河文化研究。
320    @a有书目 (第223-224页)
330    @a本书以与运河杭州段密切相关的二十个点段为切入角度和铺设场景, 以所选主体诗词的作者生年为序进行编排, 以点带面, 以诗词引出故实, 缓缓展现一轴运河文化风情图。这些点段既有河道、渡口、桥梁等直接与运河有关的水工, 也有市集、村镇、景观等运河沿岸的风物, 它们都是运河诗词吟咏和记录的对象。“千里运河万卷诗”, 从诗词的角度看运河, 其实看到的是城市里的两条河流: 一条是自然地理意义上流淌的运河, 另一条是流淌在历代诗词中的运河 ; 从运河文化的角度看诗词, 诗词之于运河文化, 好比一滴水之于大海, 微乎其微, 却足以道。这些诗词有如运河的指纹, 看似浅淡无感, 却独一无二, 有着文化基因的意义。
410  0 @12001 @a杭州优秀传统文化丛书
607    @a大运河@Ada yun he@x历史@x研究@y杭州
690    @aK928.42@v5
701  0 @a任轩,@Aren xuan@f1979-@4著
801  0 @aCN@bBJXHZP@c20230228
905    @b1404661-4@dK928.42@e1251@f4
    
    运河的指纹/任轩著.-杭州:杭州出版社,2022.01
    224页:彩图;24cm.-(杭州优秀传统文化丛书)
    
    
    ISBN 978-7-5565-1709-1:CNY58.00
    本书以与运河杭州段密切相关的二十个点段为切入角度和铺设场景, 以所选主体诗词的作者生年为序进行编排, 以点带面, 以诗词引出故实, 缓缓展现一轴运河文化风情图。这些点段既有河道、渡口、桥梁等直接与运河有关的水工, 也有市集、村镇、景观等运河沿岸的风物, 它们都是运河诗词吟咏和记录的对象。“千里运河万卷诗”, 从诗词的角度看运河, 其实看到的是城市里的两条河流: 一条是自然地理意义上流淌的运河, 另一条是流淌在历代诗词中的运河 ; 从运河文化的角度看诗词, 诗词之于运河文化, 好比一滴水之于大海, 微乎其微, 却足以道。这些诗词有如运河的指纹, 看似浅淡无感, 却独一无二, 有着文化基因的意义。
●
相关链接 在E读中查询图书 在五车中查询图书 在当当中查询图书 在豆瓣中查询图书


正题名:运河的指纹     索取号:K928.42/1251         预约/预借

序号 登录号 条形码 馆藏地/架位号 状态 备注
1 1404661   214046619   第二样本阅览室/ [索取号:K928.42/1251] 在馆    
2 1404662   214046628   第二借阅区/ [索取号:K928.42/1251] 在馆    
3 1404663   214046637   第二借阅区/ [索取号:K928.42/1251] 在馆    
4 1404664   214046646   第二借阅区/ [索取号:K928.42/1251] 在馆    
唐山师范学院图书馆 欢迎您!
大连网信软件有限公司© 版权所有